Statistics for Hard Harry Potter Spell Quiz

Click here to take the quiz!

General Stats

  • This quiz has been taken 22 times
  • The average score is 21 of 37

Answer Stats

DescriptionAnswer% Correct
Creates lightLumos
100%
Causes subject immense painCrucio
89%
SummonAccio
84%
Kills subjectAvada Kedavra
84%
Increases something's sizeEngorgio
84%
Turns out wand lightNox
84%
Disarms opponentExpelliarmus
79%
Controls another's actionsImperio
79%
Erases one's memoryObliviate
79%
Creates water out of thin airAguamenti
74%
Causes subject to become confusedConfundo
74%
Creates a LOT of lightLumos Maxima
74%
Cuts an enemySectumsempra
74%
UnlockAlohamora
68%
Causes object to tearDiffindo
68%
Lifts subject by the anklesLevicorpus
68%
Casts the dark markMorsmordre
68%
Transforms a boggartRiddikulus
68%
Heals minor injuriesEpiskey
63%
Freezes motionPetrificus
63%
Creates PortkeyPortus
63%
LiftsWingardium Leviosa
58%
Causes nearby sounds to be muffled by creating loud buzzing soundMuffliato
53%
Decreases something's sizeReducio
53%
Creates impedimentImpedimenta
47%
Cleaning spellScourgify
47%
Revives victim of stunning spellRennervate
42%
Creates a snake out of thin airSerpentsortia
42%
Stops another spell's effectsFinite Incantatem
37%
Freezes all motionPetrificus Totalus
32%
Slows velocityArresto Momentum
26%
Make any object disappearEvanesco
26%
Causes the subject to feel an extreme tickling sensationRictumsempra
26%
Causes item to burst into flamesConfringo
11%
Repels objectsImpervius
11%
Removes matter from objectTergeo
11%
Clears blockage inside the bodyAnapneo
5%

Score Distribution

Percentile by Number Answered

Percent of People with Each Score

Your Score History

You have not taken this quiz